|
|
|
|
| LEADER |
00619nta a2200157 i 4500 |
| 001 |
dipl27238 |
| 005 |
20130314084733.0 |
| 008 |
111026s2002 hu om 0|| zxx d |
| 040 |
|
|
|a SZTE Diploma Repozitórium
|b hun
|
| 041 |
|
|
|a zxx
|
| 100 |
1 |
|
|a Magyar Éva
|
| 245 |
1 |
2 |
|a A magyar munkajog pihenőidőre vonatkozó szabályainak változásai és harmonizációja az Európai Unió jogával
|h [elektronikus dokumentum] /
|c Éva Magyar
|
| 260 |
|
|
|c 2002
|
| 650 |
|
4 |
|a Jogi és igazgatási tanulmányok
|
| 700 |
1 |
|
|a Dabis Erzsébet
|e ths
|
| 856 |
4 |
0 |
|u http://diploma.bibl.u-szeged.hu/id/eprint/27238/1/2002_magyar_eva.pdf
|z Dokumentum-elérés
|